000 00664nam a2200181Ia 4500
008 100920s9999 xx 000 0 und d
082 _b65137
_a28 व 891,43 थ 92
100 _aशास्त्री शशिप्रभा.
245 _aआसमान की मेज.
260 _bसूचना और प्रसारण मन्त्रालय, भारत सरकार.
_c1992
300 _a38
_bसाधी
365 _b13
520 _aबा.वि.हिंदी.
630 _aआसमान की मेज.
650 _aबा.वि.हिंदी.
730 _aआसमान की मेज.
942 _cBOOK
999 _c708023
_d708020